000 00594cam a22002053a 4500
001 39322
003 PGUSA
005 20140828083856.0
008 120401s2012||||xxu|||||s|||||000 | eng d
040 _aPGUSA
_beng
042 _adc
100 1 _aWilloughby, Howard
245 1 0 _aAustralian Pictures :
_bDrawn with Pen and Pencil
_h[electronic resource] /
_cHoward Willoughby
260 _bProject Gutenberg,
_c2012
506 _aPublic domain in the USA.
516 _aElectronic text
830 0 _aProject Gutenberg
_v39322
856 4 0 _uhttp://www.gutenberg.org/ebooks/39322
942 _cEB
999 _c268575
_d268575